| 000 | 00420pab a2200169 454500 | ||
|---|---|---|---|
| 008 | 180718b2008 xxu||||| |||| 00| 0 eng d | ||
| 100 | _aVijayachandran, K. | ||
| 245 | _aSocialism and the second industrial revolution | ||
| 260 | _c2008 | ||
| 300 | _ap.74-77. | ||
| 362 | _a16 Aug | ||
| 650 | _aIndustrialization | ||
| 650 | _aSocialism | ||
| 773 | _aEconomic and Political Weekly | ||
| 908 | _aN | ||
| 909 | _a79273 | ||
| 999 |
_c79273 _d79273 |
||